Organic laboratory techniques / (Record no. 1702)

000 -LEADER
fixed length control field 01340pam a2200325 a 4500
003 - CONTROL NUMBER IDENTIFIER
control field OSt
005 - DATE AND TIME OF LATEST TRANSACTION
control field 20210629110938.0
008 - FIXED-LENGTH DATA ELEMENTS--GENERAL INFORMATION
fixed length control field 921009s1993 caua bf 001 0 eng
020 ## - INTERNATIONAL STANDARD BOOK NUMBER
International Standard Book Number 0534201601
040 ## - CATALOGING SOURCE
Transcribing agency DLC
050 00 - LIBRARY OF CONGRESS CALL NUMBER
Classification number QD261
Item number .F466 1993
100 1# - MAIN ENTRY--PERSONAL NAME
Personal name Fessenden, Ralph J.,
Dates associated with a name 1932-
245 10 - TITLE STATEMENT
Title Organic laboratory techniques /
Statement of responsibility, etc. Ralph J. Fessenden, Joan S. Fessenden ; with contributions by John A. Landgrebe.
250 ## - EDITION STATEMENT
Edition statement 2nd ed.
260 ## - PUBLICATION, DISTRIBUTION, ETC.
Place of publication, distribution, etc. Pacific Grove, Calif. :
Name of publisher, distributor, etc. Brooks/Cole,
Date of publication, distribution, etc. c1993.
300 ## - PHYSICAL DESCRIPTION
Extent x, 253 p. :
Other physical details ill. ;
Dimensions 24 cm.
504 ## - BIBLIOGRAPHY, ETC. NOTE
Bibliography, etc. note Includes bibliographical references and index.
650 #0 - SUBJECT ADDED ENTRY--TOPICAL TERM
Topical term or geographic name entry element Chemistry, Organic
General subdivision Laboratory manuals.
700 1# - ADDED ENTRY--PERSONAL NAME
Personal name Fessenden, Joan S.
700 1# - ADDED ENTRY--PERSONAL NAME
Personal name Landgrebe, John A.
856 42 - ELECTRONIC LOCATION AND ACCESS
Uniform Resource Identifier http://www.loc.gov/catdir/enhancements/fy1515/92038632-b.html
856 42 - ELECTRONIC LOCATION AND ACCESS
Uniform Resource Identifier http://www.loc.gov/catdir/enhancements/fy1515/92038632-d.html
856 41 - ELECTRONIC LOCATION AND ACCESS
Uniform Resource Identifier http://www.loc.gov/catdir/enhancements/fy1515/92038632-t.html
906 ## - LOCAL DATA ELEMENT F, LDF (RLIN)
a 7
b cbc
c orignew
d 1
e ocip
f 19
g y-gencatlg
942 ## - ADDED ENTRY ELEMENTS (KOHA)
Source of classification or shelving scheme
Koha item type Book
Suppress in OPAC SO
Holdings
Withdrawn status Lost status Source of classification or shelving scheme Damaged status Not for loan Permanent Location Current Location Shelving location Date acquired Total Checkouts Full call number Barcode Date last seen Date last checked out Price effective from Koha item type Public note
          AU LIBRARY AU LIBRARY Open Shelf 29.06.2021 1 QD261 .F466 1993 28000464 21.11.2022 09.11.2022 29.06.2021 Book SO

Powered by Koha